Gaming Quiz

Random Gaming Quiz

Kingdom Hearts Unversed (By Picture) Quiz Stats

 Plays Quiz not verified by Sporcle

Also try: 'M' Video Games
Challenge
Share
Tweet
Score 0/25 Timer 10:00
0 Plays Today
Unversed % Correct
Flood
100%
Scrapper
85.7%
Bruiser
85.7%
Red Hot Chili
79.4%
Archraven
76.2%
Prize Pod
76.2%
Blue Sea Salt
73%
Buckle Bruiser
73%
Yellow Mustard
71.4%
Spiderchest
69.8%
Hareraiser
69.8%
Vile Phial
69.8%
Wild Bruiser
69.8%
Unversed % Correct
Shoegazer
68.3%
Mandrake
66.7%
Chrono Twister
66.7%
Axe Flapper
65.1%
Jellyshade
63.5%
Tank Toppler
63.5%
Glidewinder
61.9%
Thornbite
60.3%
Blobmob
58.7%
Monotrucker
57.1%
Triple Wrecker
57.1%
Sonic Blaster
52.4%

You're not logged in!

Compare scores with friends on all Sporcle quizzes.
OR
Log In

You Might Also Like...

Show Comments

Extras

Created Jan 16, 2011SourceReportNominate
Tags:heart, Image Quiz, kingdom

Top Quizzes Today


Score Distribution

Your Account Isn't Verified!

In order to create a playlist on Sporcle, you need to verify the email address you used during registration. Go to your Sporcle Settings to finish the process.

Report this User

Report this user for behavior that violates our Community Guidelines.

Details: